Logo CIB grande

FACILIDADES DE SUPERFICIE II (Registro nro. 225684)

Detalles MARC
000 -LEADER
campo de control de longitud fija 00649nam a2200277Ia 4500
005 - FECHA Y HORA DE LA ÚLTIMA TRANSACCIÓN
campo de control 20250425162250.0
008 - DATOS DE LONGITUD FIJA--INFORMACIÓN GENERAL
campo de control de longitud fija 250425s9999 xx 000 0 und d
020 ## - NÚMERO INTERNACIONAL ESTÁNDAR DEL LIBRO
Número Internacional Estándar del Libro 9789978310366
041 ## - CÓDIGO DE IDIOMA
Código de lengua del texto/banda sonora o título independiente spa
082 ## - NÚMERO DE LA CLASIFICACIÓN DECIMAL DEWEY
Número de clasificación 622.338
010 ## - NÚMERO DE CONTROL DE LA BIBLIOTECA DEL CONGRESO
Número de control de LC 59172
100 ## - ENTRADA PRINCIPAL--NOMBRE DE PERSONA
Nombre de persona RIOFRÍO ANDRADE, EDGAR
245 #0 - MENCIÓN DEL TÍTULO
Título FACILIDADES DE SUPERFICIE II
250 ## - MENCION DE EDICION
Mención de edición 1A ED.
260 ## - PUBLICACIÓN, DISTRIBUCIÓN, ETC.
Lugar de publicación, distribución, etc. Ecuador
Nombre del editor, distribuidor, etc. ESPOL. FICT
Fecha de publicación, distribución, etc. 2006
260 ## - PUBLICACIÓN, DISTRIBUCIÓN, ETC.
Lugar de publicación, distribución, etc. GUAYAQUIL
300 ## - DESCRIPCIÓN FÍSICA
Extensión 239
650 ## - PUNTO DE ACCESO ADICIONAL DE MATERIA--TÉRMINO DE MATERIA
Término de materia o nombre geográfico como elemento de entrada ACCESORIOS
650 ## - PUNTO DE ACCESO ADICIONAL DE MATERIA--TÉRMINO DE MATERIA
Término de materia o nombre geográfico como elemento de entrada CONTROL DE FLUJO
650 ## - PUNTO DE ACCESO ADICIONAL DE MATERIA--TÉRMINO DE MATERIA
Término de materia o nombre geográfico como elemento de entrada FLUJO EN TUBERIAS
650 ## - PUNTO DE ACCESO ADICIONAL DE MATERIA--TÉRMINO DE MATERIA
Término de materia o nombre geográfico como elemento de entrada MEDIDORES DE FLUJO
650 ## - PUNTO DE ACCESO ADICIONAL DE MATERIA--TÉRMINO DE MATERIA
Término de materia o nombre geográfico como elemento de entrada POZOS
650 ## - PUNTO DE ACCESO ADICIONAL DE MATERIA--TÉRMINO DE MATERIA
Término de materia o nombre geográfico como elemento de entrada VALVULAS
710 ## - ENTRADA AGREGADA--NOMBRE DE ENTIDAD CORPORATIVA
Nombre de entidad corporativa o nombre de jurisdicción como elemento de entrada S.A.
942 ## - ELEMENTOS DE ENTRADA SECUNDARIOS (KOHA)
Tipo de ítem Koha Libros
Existencias
Estatus retirado Estado de pérdida Fuente de la clasificación o esquema de estantería Estado de daño No para préstamo Biblioteca de origen Biblioteca actual Fecha de adquisición Coste, precio normal de compra Etiqueta RFID Total de préstamos Signatura topográfica completa Código de barras Copia número Tipo de ítem Koha Nota pública
    Clasificación Decimal Dewey     CENTRO DE INFORMACIÓN BIBLIOTECARIA CENTRO DE INFORMACIÓN BIBLIOTECARIA 19/06/2007 10.00 0000000000000000036603   622.338 D-68139 6 Libros ESPOL. FICT

Copyright 2025 ESPOL. Todos los derechos reservados.